Les étoiles filantes - Cowboys Fringants - Statistics

General Stats
  • This quiz has been taken 3 times
  • The average score is 188 of 399
Answer Stats
% Correct
à
100%
arrête
100%
bar
100%
bien
100%
c'
100%
ça
100%
ce
100%
cette
100%
comme
100%
d'
100%
dans
100%
de
100%
en
100%
époque
100%
et
100%
était
100%
gravés
100%
instant
100%
J'
100%
j'
100%
je
100%
juste
100%
l'
100%
le
100%
les
100%
m'
100%
ma
100%
mémoire
100%
100%
ou
100%
parler
100%
pour
100%
p'tit
100%
p'tite
100%
p'tites
100%
raconterai
100%
rue
100%
s'
100%
Si
100%
si
100%
souvenirs
100%
St-Denis
100%
t'
100%
te
100%
tranquillement
100%
un
100%
vie
100%
agaçais
50%
as
50%
au
50%
balançoires
50%
billes
50%
bout
50%
ch'min
50%
des
50%
devenait
50%
dit
50%
du
50%
encore
50%
filles
50%
g'lés
50%
illusoire
50%
loin
50%
mais
50%
mon
50%
pas
50%
passe
50%
Passe-Partout
50%
pieds
50%
qu'
50%
quand
50%
que
50%
rentrer
50%
sac
50%
temps
50%
trésor
50%
vieillir
50%
vrai
50%
accroche
0%
ai
0%
aimerais
0%
air
0%
amertumes
0%
amours
0%
apaise
0%
après
0%
arracher
0%
arrière
0%
avant
0%
avec
0%
avions
0%
avoir
0%
bedaine
0%
bon
0%
bonheurs
0%
bons
0%
bouffée
0%
brume
0%
carré
0%
cassent
0%
ces
0%
c'est
0%
choisit
0%
chums
0%
coeurs
0%
constate
0%
construiredes
0%
coups
0%
cour
0%
c'qui
0%
crue
0%
dasncette
0%
dis
0%
d'la
0%
douce
0%
d'son
0%
dure
0%
échecs
0%
école
0%
effréné
0%
embarque
0%
enneigés
0%
envie
0%
espérer
0%
est
0%
étoile
0%
étoiles
0%
être
0%
évanouissent
0%
existé
0%
faire
0%
fait
0%
filante
0%
filantes
0%
finalement
0%
frais
0%
gagner
0%
goût
0%
heureux
0%
hivers
0%
hypothèque
0%
idéaux
0%
igloos
0%
la
0%
l'on
0%
malgré
0%
même
0%
m'en
0%
mieux
0%
moi
0%
moment
0%
monde
0%
morveux
0%
moule
0%
mourrir
0%
n'
0%
ne
0%
notre
0%
nous
0%
nuit
0%
on
0%
papier
0%
parce
0%
partent
0%
passage
0%
passent
0%
peine
0%
peines
0%
perd
0%
peu
0%
peut
0%
plus
0%
printemps
0%
pu
0%
qui
0%
réalité
0%
récre
0%
refoulent
0%
renaît
0%
rester
0%
rêves
0%
reviennent
0%
r'garder
0%
rien
0%
Saint-Louis
0%
sait
0%
s'dira
0%
se
0%
s'en
0%
soir
0%
sois
0%
sortir
0%
souvent
0%
subit
0%
suis
0%
ti-culs
0%
toi
0%
tout
0%
travailler
0%
trentaine
0%
trop
0%
tsé
0%
tu
0%
une
0%
va
0%
vent
0%
vieilles
0%
voir
0%
No matching quizzes found
Score Distribution
Percent of People with Each Score
Percentile by Number Answered
Your Score History
You have not taken this quiz